LEADER 01254nam a2200277 i 4500 001 000000212761 003 CaOOAMICUS 005 20120426000000.0 008 120426s2011 it u000 u ita u 013 $a191610 020 $a978-88-315-3968-5 040 $aSeMil$bita 100 1 $aHesemann, Michael,$d<1964- >.$0(OLS)http://semarc/name/54791 240 10$aPaulus von Tarsus : Archäologen auf den Spuren des Völkerapostels.$0(OLS)http://semarc/title/307047 245 10$aPaolo di Tarso :$bsulle tracce archeologiche dell'Apostolo /$cMichael Hesemann. 260 $aMilano :$bPaoline,$c2011. 300 $a396 p., [16] p. di tav. :$bill. ;$c22 cm. 490 0 $aPaolo di Tarso ;$v13 600 04$aPaolo .$0(OLS)http://semarc/subject/1316 830 0$aPaolo di Tarso ;$v13.$0(OLS)http://semarc/title/26324 850 $aSeMil 852 $aSeMil$W1$xVenegono$y1$m2W III 125$j163195$B163195$CSeMilBibl$Z2$F174315 $81 961 $aAcquisto: L.S. srl 996 $6020$a978-88-315-3968-5$9(OLS)http://semarc/number/208463 996 $6245$aPaolo di Tarso :$bsulle tracce archeologiche dell'Apostolo$9(OLS)http://semarc/title/307046 996 $6260$aMilano :$bPaoline$9(OLS)http://semarc/publisher/29684 LEADER 01315nam a2200253 i 4500 001 000000053860 003 CaOOAMICUS 005 20100830000000.0 008 100830s1944 xx u000 u por u 013 $a25032 040 $aSeMil$bita 100 1 $aMendeiros, José.$0(OLS)http://semarc/name/26664 245 12$aA necessidade da incarnaçao e da Redençao em Luís de Molina /$cPontificia Universitas Gregoriana ; par José Mendeiros. 260 $a[S.l. :$bs.n.],$c1944$e(Lisboa :$fUniao Gràfica,$g1944) 300 $aIV, 119 p., [3] p. di tav. ;$c23 cm. 500 $aContiene : Bibliografia. - In mezzo al front : Dissertatio ad Lauream in Facultate Theologica Pontificiae Universitatis Gregorianae. Separata da «Lumen». 650 4$aMolina, Luis : de <1535-1600>.$0(OLS)http://semarc/subject/11063 650 4$aRedenzione - Teologia.$0(OLS)http://semarc/subject/4566 650 4$aTesi di laurea.$0(OLS)http://semarc/subject/1690 710 2 $aPontificia Università Gregoriana .$0(OLS)http://semarc/name/5 850 $aSeMil 852 $aSeMil$W1$xVenegono$y1$m2I I 205$j20014$B20014$CSeMilBibl$Z2$F20016 $81 996 $6245$aA necessidade da incarnaçao e da Redençao em Luís de Molina$9(OLS)http://semarc/title/83124 996 $6260$a[S.l. :$bs.n.]$9(OLS)http://semarc/publisher/29751